[Event "Athens op 03-A"]
[Site "Athens"]
[Date "2012.03.06"]
[Round "1"]
[White "Tepelenis, Nikolaos"]
[Black "Aggelopoulos, Georgios"]
[Result "1/2-1/2"]
[WhiteElo "2146"]
[BlackElo "2006"]
[PlyCount "59"]
[EventDate "2012.03.06"]
[EventType "swiss"]
[EventRounds "7"]
[EventCountry "GRE"]
[SourceTitle "EXT 2014"]
[Source "ChessBase"]
[SourceDate "2013.11.20"]
[SourceVersion "1"]
[SourceVersionDate "2013.11.20"]
[SourceQuality "1"]

1. d4 d5 2. c4 c6 3. Nf3 Nf6 4. Nc3 e6 5. e3 Nbd7 6. Qc2 Bd6 7. e4 Nxe4 8. Nxe4 dxe4 9. Qxe4 Nf6 10. Qe3 c5 11. dxc5 Qa5+ 12. Bd2 Qxc5 13. Be2 0-0 14. 0-0 b6 15. Nd4 Bb7 16. Nb5 Qc6 17. Bf3 Bxh2+ 18. Kh1 Qxc4 19. Bxb7 Qxb5 20. Bxa8 Rxa8 21. Qf3 Rd8 22. Bc3 Bd6 23. Bxf6 gxf6 24. b3 Be5 25. Rad1 Rd4 26. Kg1 f5 27. Rxd4 Bxd4 28. Rc1 Qe5 29. g3 Kg7 30. Kg2 1/2-1/2

[Event "GRE-chT 30th"]
[Site "Athens"]
[Date "2001.??.??"]
[Round "4"]
[White "Logothetis, Sotirios"]
[Black "Aggelopoulos, Georgios"]
[Result "0-1"]
[WhiteElo "2270"]
[BlackElo "2090"]
[PlyCount "68"]
[EventDate "2001.07.07"]
[EventType "team"]
[EventRounds "9"]
[EventCountry "GRE"]
[SourceTitle "CBM 085 Extra"]
[Source "ChessBase"]
[SourceDate "2002.01.21"]
[SourceVersion "1"]
[SourceVersionDate "2002.01.21"]
[SourceQuality "1"]

1. d4 f5 2. g3 Nf6 3. Bg2 e6 4. c4 Be7 5. Nc3 0-0 6. Nh3 d6 7. 0-0 Nc6 8. d5 Ne5 9. b3 c6 10. dxe6 Bxe6 11. Bb2 Kh8 12. Nf4 Bg8 13. Qc2 Qa5 14. e3 Nfd7 15. Rad1 Qc7 16. Rd2 Nc5 17. Rfd1 a5 18. h3 a4 19. Nfe2 axb3 20. axb3 b5 21. f4 bxc4 22. b4 Ned3 23. bxc5 d5 24. Rxd3 cxd3 25. Rxd3 Qa5 26. Nd4 Qxc5 27. Rd2 Rac8 28. Nxf5 Rxf5 29. Qxf5 Qxe3+ 30. Rf2 Bc5 31. Nd1 Qe1+ 32. Kh2 Bxf2 33. Nxf2 Qxf2 34. Qe5 Qa7 0-1